Η κοινωνιογλωσσολογία του χιούμορ : θεωρία, λειτουργίες και διδασκαλία

Αποθηκεύτηκε σε:
Λεπτομέρειες βιβλιογραφικής εγγραφής
Κύριος συγγραφέας: Τσάκωνα, Βίλλυ
Μορφή: Βιβλίο
Γλώσσα:Greek
Δημοσίευση: Αθήνα : Γρηγόρης, 2013.
Σειρά:Πολιτισμός και τέχνες (Γρηγόρης) ; 3
Θέματα:
Ετικέτες: Προσθήκη ετικέτας
Δεν υπάρχουν, Καταχωρήστε ετικέτα πρώτοι!

MARC

LEADER 00000cam a2200000 i 4500
001 1/45592
008 140408s2013 gr | ||| |||| ||gre||
020 |a 9789603337874 
035 |l 10117328 
040 |a GR-MY-UA  |b gre  |e aacr 
041 0 |a gre 
082 7 |a 808.7   |2 (23) 
100 1 |a Τσάκωνα, Βίλλυ. 
245 1 2 |a Η κοινωνιογλωσσολογία του χιούμορ :   |b θεωρία, λειτουργίες και διδασκαλία /   |c Βίλλυ Τσάκωνα.  
260 |a Αθήνα :   |b Γρηγόρης,   |c 2013.  
300 |a 383 σ. :   |b εικ. ;   |c 34 εκ.  
490 1 |a (Πολιτισμός και τέχνες / Γρηγόρης ;   |v  3)  
504 |a Περιέχει βιβλιογραφικές παραπομπές και ευρετήριο.  
650 0 0 |a Sociolinguistics  |z Greece. 
650 0 0 |a Wit and humor  |x Social aspects. 
650 0 0 |a Language and culture  |z Greece. 
830 0 |a Πολιτισμός και τέχνες (Γρηγόρης)  |v  ; 3  
852 |a INST  |b LESVOS  |e 20140408  |h 808.7 ΤΣΑ  |p 005100053972  |q 005100053972  |t BK  |y 0 
852 |a INST  |b LESVOS  |e 20140702  |h 808.7 ΤΣΑ  |p 005100054595  |q 005100054595  |t BK  |y 0 
852 |a INST  |b RHODES  |c EUDOXUS  |e 20160422  |h 808.7 ΤΣΑ  |p 005400038402  |q 005400038402  |t EDX  |y 0 
852 |a INST  |b RHODES  |c EUDOXUS  |e 20170109  |h 808.7 ΤΣΑ  |p 005400038963  |q 005400038963  |t EDX  |y 0 
852 |a INST  |b RHODES  |c EUDOXUS  |e 20230110  |h 808.7 ΤΣΑ  |p 005400043249  |q 005400043249  |t EDX  |y 0 
901 |a BIBL1-2014-1 
901 |a BIBL1-2014-2 
920 |a Εύδοξος  |b Παραγγελία  |y Ρόδος-ΤΜΣ  |z 2017-01 
920 |a Εύδοξος  |b Παραγγελία  |y Ρόδος-ΤΕΠΑΕΣ  |z 2016-04 
920 |a Εύδοξος  |b Παραγγελία  |y Ρόδος-ΤΜΣ  |z 2022-12 
922 |a 1ΕΛΗ  |b 201406  |c Τμήμα Κοινωνικής Ανθρωπολογίας και Ιστορίας  |d ΙΩΑΝΝΙΔΟΥ 
970 |a ΤΖΑΦΕΡΗ  |b ΕΥΑΓΓΕΛΙΑ  |z 2014/04/08